| 000 | 00646nam a22002417a 4500 | ||
|---|---|---|---|
| 003 | UA-OsUOA | ||
| 001 | 72413 | ||
| 007 | ta | ||
| 008 | 20110117b un ||||| |||| 00| 0 ukr d | ||
| 100 | _aПоплавский Б. | ||
| 090 |
_a821.161.1 _bП57 |
||
| 942 | _cBK | ||
| 040 |
_aUA-OsUOA _brus _cUA-OsUOA _dUA-OsUOA |
||
| 245 | _aСтатьи. Дневники. Письма | ||
| 300 | _a622 с. | ||
| 955 | _a2 | ||
| 041 | _arus | ||
| 080 | _a821.161.1 | ||
| 020 | _a978-5-903081-08-0 | ||
| 260 |
_aМ. _bРусский путь _c2009 |
||
| 650 | 7 |
_a82 Література. Літературознавство _2UDC |
|
| 999 |
_c358696 _d358696 |
||